| 000 | 03189cam a22006014i 4500 | ||
|---|---|---|---|
| 003 | PE-LiUPU | ||
| 005 | 20250731173445.0 | ||
| 008 | 150706s1977 miua rb 000 0 eng d | ||
| 020 | _a0802816983 | ||
| 035 | _a(Sirsi) i9780802816986 | ||
| 035 | _a(Sirsi) i9780802816986 | ||
| 040 |
_aPE-LiUPU _bspa _cPE-LiUPU _erda |
||
| 049 | _aPRUA | ||
| 050 |
_aBX6121.1 _b.D35 1997 |
||
| 082 | 0 | 4 |
_a286.73 _bD.166 _221 |
| 082 | 0 | 4 |
_a286.732092 _bD.166 _221 |
| 100 | 1 |
_aDamsteegt, P. Gerard, _eautor. |
|
| 245 | 1 | 0 |
_aFoundations of the Seventh-day Adventist message and mission / _cP. Gerard Damsteegt . |
| 264 | 1 |
_aGrand Rapids, MI : _bEerdmans, _c1977. |
|
| 300 |
_axv, 348 páginas : _bilustraciones ; _c23 centímetros |
||
| 336 |
_atext _2rdacontent |
||
| 337 |
_aunmediated _2rdamedia |
||
| 338 |
_avolume _2rdacarrier |
||
| 500 | _aIncluye índices. | ||
| 504 | _aBibliografía: páginas 314-334. | ||
| 505 | 0 | _aThe background for the origins of the theology of mission -- The controversy around the millerite apocalyptic eschatology -- The Crisis of 1843 -44 -- The formation of the Seventh Day Adventist Theology of Mission (1844-49) -- The Basic Structure of the Theology of Mission (1850-74) -- Toward a World Wide Mission (1850 .74). | |
| 526 | _aSEG42 | ||
| 526 | _aSEG41 | ||
| 526 | _aSEG40 | ||
| 526 | _aSEG39 | ||
| 526 | _aP94 | ||
| 526 | _aP87 | ||
| 526 | _aP86 | ||
| 526 | _aP85 | ||
| 526 | _aP77 | ||
| 526 | _aP76 | ||
| 526 | _aP35 | ||
| 650 | 0 | 4 |
_aAdventistas del Séptimo día _xDoctrinas . |
| 942 |
_2ddc _cBOOK |
||
| 949 |
_a286.709 D23 _wDEWEY _c1 _i52204 _d2016-1-12 _e2016-1-11 _lCCODEBUL1 _mBUL _n1 _p10.00 _r0 _sY _tBOOK _u2015-6-24 _xTEOLOGIA _PP35 _0COMPRA _o.STAFF. Colección General |
||
| 949 |
_a286.709 D23 _wDEWEY _c2 _i34759 _lCCODEBUL1 _mBUL _p19.99 _r0 _sY _tBOOK _u2016-8-22 _xTEOLOGIA _PP35 _0COMPRA _o.STAFF. Colección General |
||
| 949 |
_a286.73 D.166 _wDEWEY _c1 _i65415 _lCIW _lCCODEBUL1 _mBUL _r1 _sY _tBOOK _u2015-7-6 _xWHITE _zUNKNOWN _o.STAFF. Colección General |
||
| 949 |
_a286.73 D23 _wDEWEY _c1 _i23696 _lCCODEBUL1 _mBUL _r0 _sY _tBOOK _u2015-6-16 _xTEOLOGIA _PP35 _0COMPRA _o.STAFF. Colección General |
||
| 949 |
_a286.73 D23 _wDEWEY _c2 _i18587 _lCCODEBUL1 _mBUL _r0 _sY _tBOOK _u2015-6-17 _xTEOLOGIA _PP35 _0COMPRA _o.STAFF. Colección General |
||
| 994 |
_aC0 _bPEPRU |
||
| 596 | _a1 4 | ||
| 999 |
_a286.73 D23 _wDEWEY _c56923 _i23696 _f2021-11-10 _g5 _lCCODEBUL1 _mBUL _r0 _sY _tBOOK _u2015-6-16 _xTEOLOGIA _PP35 _0COMPRA _o.STAFF. Colección General _d56923 |
||
| 999 |
_a286.73 D23 _wDEWEY _c2 _i18587 _f2019-12-11 _g5 _lREPAIR _mBUL _r0 _sY _tBOOK _u2015-6-17 _xTEOLOGIA _PP35 _0COMPRA _o.STAFF. Colección General |
||
| 999 |
_a286.709 D23 _wDEWEY _c1 _i52204 _d2016-1-12 _e2016-1-11 _f2021-11-11 _g6 _lCCODEBUL1 _mBUL _n1 _p10.00 _r0 _sY _tBOOK _u2015-6-24 _xTEOLOGIA _PP35 _0COMPRA _o.STAFF. Colección Teología |
||
| 999 |
_a286.709 D23 _wDEWEY _c2 _i34759 _d2017-10-27 _f2021-11-11 _g6 _lCCODEBUL1 _mBUL _p19.99 _q1 _r0 _sY _tBOOK _u2016-8-22 _xTEOLOGIA _PP35 _0COMPRA _o.STAFF. Colección General |
||
| 999 |
_a286.732092 D23 1997 _wDEWEY _c1 _iCW65415 _f2021-12-23 _g2 _lCCODECWL1 _mBWL _p10.00 _r0 _sY _tBOOK _u2015-7-6 _xWHITE _zUNKNOWN _o.STAFF. Centro White |
||
| 980 |
_81 _gALBERTO SANCHEZ Responsable de Automatización |
||